Día de la tradición.

Guardado en:
Formato: Deslizar
Materias:
Etiquetas: Agregar Etiqueta
Sin Etiquetas, Sea el primero en etiquetar este registro!
LEADER 00813ngm a22002295g 4500
001 CEM.cems022941
008 130507b2010##################0###0#####d
005 20241127150428.0
245 0 0 |a Día de la tradición. 
300 |a 29'. 
500 |a En soporte VHS, consultar en ventanilla. 
538 |a Soporte: VHS - Norma: Pal N - Color: Si - Grabación DRD 2010 - Hitachi=1710. 
505 0 |a El día de la tradición. El gaucho. El poema gauchesco. Martín Fierro y Juan Moreira. Mitos sobre la figura del gaucho. El ser nacional. 
082 9 8 |/ DEB 
653 |a TRADICION 
653 |a GAUCHO 
653 |a MARTIN FIERRO 
653 |a JUAN MOREYRA 
653 |a SER NACIONAL 
653 |a NIVEL PRIMARIO 
653 |a NIVEL SECUNDARIO 
859 |a CEMS  |b BIB. CEMS - Depto. Recursos Didacticos  |h 982  |i DEB  |k DRD  |p 1584.12  |t Ej.1